Od jelienka k šestnástorákovi

Bibliographic Details
Main Author: Benčič, Tibor (Author)
Format: Article
Language:Slovak
PhysicalDescription:Fotogr.
ISSN:0231-8768
Subjects:
Online Access:http://polovnictvo.pluska.sk/polovnictvo-a-rybarstvo/polovnik/polovnicka-prax/chov-a-starostlivost-o-zver/2010/od-jelienka-k-sestnastorakovi.html

MARC

LEADER 00000nab a2200000 a 4500
001 vtls010126989
003 SK-MaSNL
005 20260426085922.0
008 250507c2010 xo ||||||||||||00 b|slo
015 |a SNBRB2010/08  |2 snkbucl 
035 |a (uuid)4e9b1273-ae19-4550-8866-fe1f67ed5a73 
035 |a urn:nbn:sk:snk-abeuss 
035 |a (urnnbn)urn:nbn:sk:snk:ar-0072om 
038 |a SNKBUCL 
040 |a SNKBUCL  |b slo  |c SNKBUCL  |e AACR2 
041 0 |a slo 
044 |a xo  |c SK 
080 |a 639.111.1  |x (437.6)  |2 2001 
100 1 |a Benčič, Tibor  |4 aut  |9 274317 
245 1 0 |a Od jelienka k šestnástorákovi  |c Tibor Benčič 
300 |b Fotogr. 
650 0 7 |a jelenia zver  |2 snkbucl  |9 2770 
650 0 7 |a chov zveri  |2 snkbucl  |9 2769 
650 0 7 |a lov zveri  |2 snkbucl  |9 2772 
651 7 |a Slovensko  |2 snkbucl  |9 14231 
773 0 |t Poľovníctvo a rybárstvo  |g Roč. 62, č. 8 (2010), s. 8-12  |x 0231-8768 
850 |a Slovenská národná knižnica 
852 |a Slovenská národná knižnica 
856 4 1 |u http://polovnictvo.pluska.sk/polovnictvo-a-rybarstvo/polovnik/polovnicka-prax/chov-a-starostlivost-o-zver/2010/od-jelienka-k-sestnastorakovi.html 
958 |a article27 
958 |a OND 
958 |a SK 
999 |c 2975615  |d 2977545